Vista normal Vista MARC

Entrada Materia (personas)

Número de registros utilizados en: 1

001 - CONTROL NUMBER

  • control field: 80814

003 - CONTROL NUMBER IDENTIFIER

  • control field: Co-BoUCM

005 - DATE AND TIME OF LATEST TRANSACTION

  • control field: 20161005084822.0

008 - FIXED-LENGTH DATA ELEMENTS

  • fixed length control field: 161005|| aca||aabn | a|a d

040 ## - CATALOGING SOURCE

  • Original cataloging agency: Co-BoUCM
  • Transcribing agency: Co-BoUCM

100 ## - HEADING--PERSONAL NAME

  • Personal name: Niccolò
  • Titles and other words associated with a name: de' Tudeschi, Archbishop
  • Dates associated with a name: 1386-1445

670 ## - SOURCE DATA FOUND

  • Source citation: Work cat.: (Co-BoUCM)38719: Niccolò de' Tudeschi, Archbishop 1386-1445, Incipiunt subtilissime ac utilissime disceptationes et allegationes, 1490